Miroslav Holečko

Bibliographic Details
Main Author: Hallon, Ľubor, 1955- (Author)
Format: Article
Language:Slovak
PhysicalDescription:Fotogr.
ISSN:0862-8823
Subjects:
Online Access:http://www.matica.sk/user-data-matica.sk/gallery/pdf/SNN2010/SNN_47_2010.pdf

MARC

LEADER 00000nab a2200000 ar4500
001 vtls010196238
003 SK-MaSNL
005 20260305021632.0
008 101209c2010 xo ||||||||||||00 b|slo
015 |a SNBRB2010/12  |2 snkbucl 
038 |a SNKBUCL 
040 |a SNKBUCL  |b slo  |c SNKBUCL  |e AACR2 
041 |a slo 
044 |a xo  |c SK 
080 |a 37-051  |2 2001 
080 |a 929 Holečko, Miroslav  |2 2001 
080 |a 008-051  |2 2001 
100 1 |a Hallon, Ľubor,  |d 1955-  |4 aut  |9 259268 
245 1 0 |a Miroslav Holečko  |c Ľubor Hallon 
300 |b Fotogr. 
600 1 7 |a Holečko, Miroslav,  |d 1950-  |2 snkbucl  |9 237717 
655 7 |a profily  |2 snkbucl  |9 341977 
773 0 |t Slovenské národné noviny  |g Roč. 21 (25), č. 47 (2010), s. 9  |x 0862-8823 
852 |a SNK  |b KIS3GCP 
856 4 1 |u http://www.matica.sk/user-data-matica.sk/gallery/pdf/SNN2010/SNN_47_2010.pdf 
958 |a BX 
958 |a SK 
999 |c 3287321  |d 3289251